Esquipulas II: la falta de voluntad política desgasta la paz
En los acuerdos planteados en Esquipulas II se dan acciones y tendencias contradictorias en el sector centroamericano, así como pautas políticas ambiguas del Presidente Oscar Arias, que siguen un camino contrario a la paz y plantean argumentos para el intervencionismo norteamericano. También en la f...
Spremljeno u:
| Format: | Tekst |
|---|---|
| Teme: | |
| Oznake: |
Dodaj oznaku
Bez oznaka, Budi prvi tko označuje ovaj zapis!
|
MARC
| LEADER | 00000 a a2200000 04500 | ||
|---|---|---|---|
| 001 | 4071 | ||
| 003 | |||
| 040 | |||
| 245 | |a Esquipulas II: |b la falta de voluntad política desgasta la paz | ||
| 520 | |a En los acuerdos planteados en Esquipulas II se dan acciones y tendencias contradictorias en el sector centroamericano, así como pautas políticas ambiguas del Presidente Oscar Arias, que siguen un camino contrario a la paz y plantean argumentos para el intervencionismo norteamericano. También en la falta de diálogo y negociación se nota la poca voluntad política de parte de los presidentes. Sólo con responsabilidad de debates internos y externos se podrá alcanzar la paz y la democracia. Por otro lado se demuestra cómo la administración Reagan es un obstáculo para los planes de paz, con sus objetivos militares de derrotar al gobierno de Nicaragua y a los movimientos revolucionarios de El Salvador y Guatemala, consolidar su plataforma militar en Panamá y Honduras y manejar políticamente a Costa Rica. Así, los objetivos para Esquipulas II no se han logrado |a se requiere de más líneas prácticas, además de voluntades políticas y el presidente Arias ha demostrado que se guía más por presiones e intereses hacia un equilibrio estratégico y no tanto la consecución de la verdadera paz. VJ/ALJ | ||
| 650 | |a ACUERDOS INTERNACIONALES | ||
| 650 | |a RELACIONES NORTE |z -SUR | ||
| 650 | |a GUERRA CIVIL | ||
| 650 | |a AGRESION | ||
| 650 | |a PAZ | ||
| 650 | |a DEMOCRATIZACION | ||
| 650 | |a OPOSICION POLITICA | ||
| 650 | |a DEMOCRATIZACION | ||
| 650 | |a ELECCIONES | ||
| 773 | |g volumen 1, número 9; páginas 6-9 | ||
| 999 | |c 27043 |d 27043 | ||
| 773 | 0 | |0 43166 |9 4799 |a Programa de Estudios de Centroamérica |d México, D.F.: Programa de Estudios de Centroamérica |o MFN: 1126 |t Coyuntura Centroamericana / | |
